| 000 | 00504nam a22001457a 4500 | ||
|---|---|---|---|
| 003 | NUST | ||
| 082 | _a200 | ||
| 100 |
_aSajjad, Waseem _996704 |
||
| 245 |
_aPerformance Analysis of D2D Enabled Heterogeneous Network Exploiting mmWave Capabilities / _cWaseem Sajjad |
||
| 264 |
_aIslamabad : _bSEECS, NUST, _c2022. |
||
| 650 |
_a MS-Electrical Engineering _923567 |
||
| 700 |
_aSupervisor: Dr. Syed Ali Hassan _996705 |
||
| 856 | _uhttp://10.250.8.41:8080/xmlui/handle/123456789/28306 | ||
| 942 |
_2ddc _cSC |
||
| 999 |
_c590839 _d590839 |
||